Mujer, trabajo y familia: propuestas para humanizar la vida planteamiento de las mujeres de las tres principales organizaciones sindicales
Сохранить в:
| Формат: | |
|---|---|
| Язык: | испанский |
| Опубликовано: |
Santiago
CEPAL
1992
|
| Серии: | Desafío para Chile, cara al 2000
|
| Предметы: | |
| Метки: |
Добавить метку
Нет меток, Требуется 1-ая метка записи!
|
MARC
| LEADER | 00000nam a2200000 a 4500 | ||
|---|---|---|---|
| 001 | UCY0182 | ||
| 003 | CL-VaPUC | ||
| 008 | 940718e19920000CL |||||||||||||||||spa|d | ||
| 082 | 0 | 4 | |a 305.42 |b MUJ |2 21 |
| 245 | 1 | 0 | |a Mujer, trabajo y familia: propuestas para humanizar la vida planteamiento de las mujeres de las tres principales organizaciones sindicales |
| 300 | |a 33 p | ||
| 942 | |c BK | ||
| 945 | |d 19940718 00:00:00 |a oaravena | ||
| 260 | |a Santiago |b CEPAL |c 1992 | ||
| 650 | 0 | |a Mujeres |9 257649 | |
| 650 | 0 | |a Condiciones sociales |9 257278 | |
| 650 | 0 | |a Condiciones económicas |9 258255 | |
| 651 | 0 | |a América Latina |9 255027 | |
| 583 | |a last modification |c 19940718 00:00:00 |k Rodrigo Vera | ||
| 490 | 0 | |a Desafío para Chile, cara al 2000 | |
| 999 | |c 229255 |d 229253 | ||
| 952 | |0 0 |1 0 |4 0 |6 305_420000000000000_MUJ_1992 |7 0 |8 A |9 230143 |a BIBGIM |b BIBGIM |d 2019-11-15 |i 2988828 |o 305.42 MUJ 1992 |p 2988828 |r 2025-01-15 |w 2019-11-15 |y BK |k SSL | ||
| 952 | |0 0 |1 0 |4 0 |6 305_420000000000000_MUJ_1992 |7 0 |8 A |9 230144 |a BIBGIM |b BIBGIM |d 2019-11-15 |i 2988836 |o 305.42 MUJ 1992 |p 2988836 |r 2025-01-15 |w 2019-11-15 |y BK |k SSL | ||
| 952 | |0 0 |1 0 |4 0 |6 305_420000000000000_MUJ_1992 |7 0 |8 A |9 230145 |a BIBGIM |b BIBGIM |d 2019-11-15 |i 2988844 |o 305.42 MUJ 1992 |p 2988844 |r 2025-01-15 |w 2019-11-15 |y BK |k SSL | ||